| 000 | 00721nam a2200193Ia 4500 | ||
|---|---|---|---|
| 003 | GCL | ||
| 005 | 20240530104833.0 | ||
| 008 | 140319s9999 xx 000 0 ara d | ||
| 040 |
_aGCL / _cGCL |
||
| 082 | 0 | 4 |
_a341.23 _bا ا |
| 100 | 1 | _aالامم المتحدة | |
| 245 | 1 | 0 |
_aالقرارات التى اتخذتها الجمعية العامة فى الجزء الاول من دورتها الحادية والخمسين / _cالامم المتحدة |
| 300 | _a592 ص | ||
| 490 |
_aالهيئة العامة للاستعلامات _v0 |
||
| 650 | 0 | 4 | _aالامم المتحدة |
| 650 | 0 | 4 | _aالامم المتحدة - قرارات |
| 650 | 0 | 4 | _aالامم المتحدة - كتب سنوية |
| 942 |
_2ddc _cBK |
||
| 999 |
_c51080 _d51080 |
||